Nizkoenergetický dům : Úspory energie v bytové výstavbě budoucnosti /

Salvato in:
Dettagli Bibliografici
Autori principali: Feist, Wolfgang (Autore), Klien, Jobst (Autore)
Natura: Libro
Lingua:ceco
Pubblicazione: Ostrava : HEL, 1994
Edizione:1.vyd.
Soggetti:
Tags: Aggiungi Tag
Nessun Tag, puoi essere il primo ad aggiungerne!!

MARC

LEADER 00000nam a22000003a 4500
001 stu9219
005 20150617225807.3
008 961106s1994----xr------------------cze-d
040 |a STU  |b slo 
041 0 |a cze 
044 |a xr 
080 |a 697  |7 stu_us_auth*stu7286 
080 |a 628.8 
084 |a A8610  |2 INS 
084 |a B8540  |2 INS 
084 |a B8550  |2 INS  |7 stu_us_auth*stu6259 
100 1 |a Feist, Wolfgang  |4 aut 
245 1 |a Nizkoenergetický dům :  |b Úspory energie v bytové výstavbě budoucnosti /  |c [aut.] Feist,Wolfgang; Klien,Jobst 
250 |a 1.vyd. 
260 |a Ostrava :  |b HEL,  |c 1994 
300 |a 183 s 
650 7 |a vykurovanie budov  |2 stusub 
650 7 |a vykurovacie systémy  |2 stusub 
650 7 |a slnečná energia  |2 stusub 
650 7 |a vetranie  |2 stusub 
650 7 |a úspory energie  |2 stusub 
700 1 |a Klien, Jobst  |4 aut 
996 |b E80780  |c E*80780  |l EE06  |s P  |a 0  |w stu9219_0001